Les 10 villes les plus peuplées des Alpes de Haute Provence (04) - Statistiques

Statistiques générales
  • Ce quiz a été pris 46 fois
  • Le résultat moyen est 6 sur 10
Statistiques - réponses
Population Communes % Correct
17 700 Digne-les-Bains
96%
22 800 Manosque
89%
7 800 Sisteron
87%
5 100 Forcalquier
80%
6 000 Oraison
49%
4 000 Les Mées
40%
5 100 Château-Arnoux-Saint-Auban
38%
4 400 Villeneuve
36%
3 500 Sainte-Tulle
29%
3 900 Pierrevert
24%
Aucun quiz correspondant
Distribution des résultats
% des personnes avec chaque résultat
Percentile par nombre de réponses
Votre historique - résultats
Vous n’avez pas pris ce quiz